000 00782nam a2200229 a 4500
001 83948
003 BD-RjUL
005 20240701113159.0
008 240701s2023 bg ||||| |||| 00| 0 ben d
020 _a9789849681663
035 _a(BD-RjUL)83948
040 _aBD-RjUL
_beng
_cBD-RjUL
041 _aben
082 _223
_a355.0092
_bALJ 2023
100 _aআলী, মোঃ আফসার
245 _aজীবন নদীর মোহনা /
_cমোঃ আফসার আলী
260 _aঢাকা :
_bছায়াবীথি,
_c২০২৩
300 _a২০৮ পৃ.;
_c২২ সেমি.
600 _aআলী, মোঃ আফসার
_xজীবনী
_94583
650 _aAli, Md. Afsar Ali, Md. Afsar
_xBiography
_913416
942 _2ddc
_cBK
999 _c83948
_d83948